AP psychology - Statistics

General Stats
  • This quiz has been taken 7 times
  • The average score is 2 of 37
Answer Stats
2.4 1.1 % Correct
eugenics
43%
iconic memory
29%
distributed practice
14%
epigenetics
14%
episodic memory
14%
explicit memory
14%
heredity
14%
implicit memory
14%
massed practice
14%
procedural memory
14%
prospective memory
14%
semantic
14%
semantic memory
14%
spacing effect
14%
adoption studies
0%
automatic processing
0%
biological approach
0%
chunking
0%
deep encoding
0%
echoic memory
0%
effortful processing
0%
evolutionary perspective
0%
family studies
0%
forgetting curve
0%
genetic predisposition
0%
haptic memory
0%
hierarchies
0%
levels of processing model
0%
method of loci
0%
mnemonic devices
0%
natural selection
0%
nature vs nurture
0%
phonemic
0%
shallow encoding
0%
structural
0%
testing effect
0%
twin studies
0%
No matching quizzes found
Score Distribution
Percent of People with Each Score
Percentile by Number Answered
Your Score History
You have not taken this quiz